Генерация F-центров в щелочногалоидных кристаллах, легированных редкоземельными и щелочно-земельными металлами; Известия Томского политехнического института [Известия ТПИ]; Т. 180

Bibliografski detalji
Parent link:Известия Томского политехнического института [Известия ТПИ]/ Томский политехнический институт (ТПИ).— , 1944-1976
Т. 180.— 1971.— [С. 125-130]
Glavni autor: Мелик-Гайказян И. Я. Ирина Яковлевна
Daljnji autori: Червякова Л. А., Лисицын В. М. Виктор Михайлович
Sažetak:Заглавие с титульного листа
Электронная версия печатной публикации
Jezik:ruski
Izdano: 1971
Teme:
Online pristup:Черно-белая версия для предварительного просмотра
Цветная версия без потери качества
Format: MixedMaterials Elektronički Poglavlje knjige
KOHA link:https://koha.lib.tpu.ru/cgi-bin/koha/opac-detail.pl?biblionumber=213600

MARC

LEADER 00000nla2a2200000 4500
001 213600
005 20231227082808.0
035 |a (RuTPU)RU\TPU\book\233404 
035 |a RU\TPU\book\233401 
090 |a 213600 
100 |a 20120413d1971 k y0rusy50 ca 
101 0 |a rus 
102 |a RU 
135 |a drnn ---uucaa 
181 0 |a i  
182 0 |a b 
200 1 |a Генерация F-центров в щелочногалоидных кристаллах, легированных редкоземельными и щелочно-земельными металлами  |f И. Я. Мелик-Гайказян, Л. А. Червякова, В. М. Лисицын 
203 |a Текст  |c электронный 
215 |a 2 файла (243 Кб, 8 Мб) 
300 |a Заглавие с титульного листа 
300 |a Электронная версия печатной публикации 
320 |a [Библиогр.: с. 130 (6 назв.)] 
337 |a Adobe Reader 
461 1 |0 (RuTPU)RU\TPU\book\200995  |t Известия Томского политехнического института [Известия ТПИ]  |f Томский политехнический институт (ТПИ)  |d 1944-1976 
463 1 |0 (RuTPU)RU\TPU\book\233375  |t Т. 180  |o сборник трудов электрофизического факультета  |v [С. 125-130]  |d 1971  |p 218 с. 
610 1 |a электронный ресурс 
610 1 |a труды учёных ТПУ 
700 1 |a Мелик-Гайказян  |b И. Я.  |c российский физик  |c профессор Томского политехнического института  |f 1922-1998  |g Ирина Яковлевна  |3 (RuTPU)RU\TPU\pers\19838 
701 1 |a Червякова  |b Л. А. 
701 1 |a Лисицын  |b В. М.  |c физик  |c профессор Томского политехнического университета, кандидат физико-математических наук  |f 1939-  |g Виктор Михайлович  |3 (RuTPU)RU\TPU\pers\10510  |9 2237 
801 1 |a RU  |b 63413507  |c 20090320  |g PSBO 
801 2 |a RU  |b 63413507  |c 20120914  |g PSBO 
856 4 |u http://www.lib.tpu.ru/fulltext/v/Bulletin_TPU/1971/v180/23_bw.pdf  |z Черно-белая версия для предварительного просмотра 
856 4 |u http://www.lib.tpu.ru/fulltext/v/Bulletin_TPU/1971/v180/23_full.pdf  |z Цветная версия без потери качества 
942 |c CF